Polskie Filmy - Statystyki

Ogólne statystyki
  • Ten quiz został rozwiązany 326 razy
  • Średni wynik to 8 z 28
Statystyki odpowiedzi
Rok Premiery Reżyser Gatunek Filmu Film % Poprawnych
1992 Władysław Pasikowski kryminalny, dramat Psy
65%
1974 Jerzy Hoffman historyczny Potop
63%
1999 Jerzy Hoffman historyczny, wojenny, przygodowy Ogniem i Mieczem
57%
1999 Olaf Lubaszenko komedia sensacyjna Chłopaki nie płaczą
55%
1960 Aleksander Ford historyczny, kostiumowy Krzyżacy
55%
1984 Juliusz Machulski komedia, antyutopia Seksmisja
52%
1997 Juliusz Machulski film komediowy Kiler
51%
1957 Andrzej Wajda wojenny Kanał
40%
2014 Jan Komasa Wojenny, historyczny Miasto 44
35%
2018 Wojciech Smarzowski Obyczajowy Kler
30%
1981 Andrzej Wajda dramat Człowiek z Żelaza
29%
2019 Jan Komasa dramat psychologiczny Boże Ciało
27%
2004 Juliusz Machulski komedia sensacyjna Vinci
27%
1966 Jerzy Kawalerowicz dramat historyczny Faraon
25%
1996 Marek Koterski komediodramat Nic Śmiesznego
25%
2020 Władysław Pasikowski sensacyjny Psy 3
25%
2006 Marek Koterski dramat Wszyscy jesteśmy Chrystusami
23%
1975 Andrzej Wajda historyczny, obyczajowy Ziemia obiecana
22%
2016 Patryk Vega sensacyjny, kryminalny Pitbull Nowe porządki
17%
2012 Agnieszka Holland wojenny W ciemności
16%
2014 Łukasz Palkowski Dramat Bogowie
12%
2019 Władysław Pasikowski wojenny, historyczny, sensacyjny Kurier
7%
1972 Kazimierz Kutz obyczajowy Perła w Koronie
5%
1989 Maciej Dejczer obyczajowy, psychologiczny 300 mil do nieba
4%
1999 Maciej Dutkiewicz komedia sensacyjna Fuks
4%
2014 Piotr Wereśniak Komedia Wkręceni
4%
2016 Jerzy Zalewski Historyczny, Dramat Historia Roja
3%
2019 Kordian Piwowarski komedia obyczajowa Miszmasz, czyli kogel-mogel 3
0%
Nie znaleziono quizów pasujących do podanych kryteriów
Rozkład punktacji
Procent ludzi z każdym wynikiem
Percentyl według liczby udzielonych odpowiedzi
Twoja historia wyników
Nie rozwiązałeś tego quizu